Arguments that count (Record no. 15135)
[ view plain ]
| 000 -LEADER | |
|---|---|
| fixed length control field | 02362nam a2200433 a 4500 |
| 082 04 - DEWEY DECIMAL CLASSIFICATION NUMBER | |
| Classification number | 358.1/740973 |
| 100 1# - MAIN ENTRY--AUTHOR NAME | |
| Personal name | Slayton, Rebecca, |
| 245 10 - TITLE STATEMENT | |
| Title | Arguments that count |
| 260 ## - PUBLICATION, DISTRIBUTION, ETC. (IMPRINT) | |
| Place of publication | Cambridge, Mass. : |
| Name of publisher | MIT Press, |
| Year of publication | 2013. |
| 300 ## - PHYSICAL DESCRIPTION | |
| Number of Pages | xi, 325 p. |
| 505 0# - FORMATTED CONTENTS NOTE | |
| Formatted contents note | Software and the Race against Surprise Attack -- Framing an "Appallingly Complex" System -- Complexity and the "Art or Evolving Science" of Software -- "No Technological Solution" -- What Crisis? Software in the "Safeguard" Debate -- The Politics of Complex Technology -- The Political Economy of Software Engineering -- Nature and Technology in the Star Wars Debate -- Conclusion: Complexity Unbound -- Unpublished Sources and Notations. |
| 650 #0 - SUBJECT ADDED ENTRY--TOPICAL TERM | |
| Topical Term | National security |
| Topical Term | National security |
| Topical Term | Ballistic missile defenses |
| Topical Term | Physicists |
| Topical Term | Computer scientists |
| Topical Term | Physics |
| Topical Term | Computer science |
| Topical Term | Technological complexity |
| Topical Term | Software engineering |
| 856 40 - ELECTRONIC LOCATION AND ACCESS | |
| Uniform Resource Identifier | http://site.ebrary.com/lib/rucke/Doc?id=10747530 |
No items available.
